Adaptive filtering : (Record no. 21823)
[ view plain ]
| 000 -LEADER | |
|---|---|
| fixed length control field | 01591cam a22002655a 4500 |
| 001 - CONTROL NUMBER | |
| control field | 17360454 |
| 005 - DATE AND TIME OF LATEST TRANSACTION | |
| control field | 20160530114042.0 |
| 008 - FIXED-LENGTH DATA ELEMENTS--GENERAL INFORMATION | |
| fixed length control field | 120625t2013 nyua frb 001 0 eng d |
| 020 ## - INTERNATIONAL STANDARD BOOK NUMBER | |
| International Standard Book Number | 9781461441052 |
| 040 ## - CATALOGING SOURCE | |
| Original cataloging agency | YDXCP |
| Transcribing agency | YDXCP |
| Modifying agency | CDX |
| -- | BWX |
| -- | MUU |
| -- | WEA |
| -- | DLC |
| -- | EG-ScBUE |
| Language of cataloging | eng |
| 082 04 - DEWEY DECIMAL CLASSIFICATION NUMBER | |
| Classification number | 621.3822 |
| Edition number | 22 |
| Item number | DIN |
| 100 1# - MAIN ENTRY--PERSONAL NAME | |
| Personal name | Diniz, Paulo Sergio Ramirez, |
| Dates associated with a name | 1956- |
| 9 (RLIN) | 38204 |
| 245 10 - TITLE STATEMENT | |
| Title | Adaptive filtering : |
| Remainder of title | algorithms and practical implementation / |
| Statement of responsibility, etc | Paulo S. R. Diniz. |
| 250 ## - EDITION STATEMENT | |
| Edition statement | 4th ed. |
| 260 ## - PUBLICATION, DISTRIBUTION, ETC. (IMPRINT) | |
| Place of publication, distribution, etc | New York : |
| Name of publisher, distributor, etc | Springer, |
| Date of publication, distribution, etc | c.2013. |
| 300 ## - PHYSICAL DESCRIPTION | |
| Extent | xxi, 652 p. : |
| Other physical details | ill. ; |
| Dimensions | 24 cm. |
| 500 ## - GENERAL NOTE | |
| General note | Index : p. 643-652. |
| 504 ## - BIBLIOGRAPHY, ETC. NOTE | |
| Bibliography, etc | Includes bibliographical references. |
| 505 0# - FORMATTED CONTENTS NOTE | |
| Formatted contents note | 1. Introduction to adaptive filtering -- 2. Fundamentals of adaptive filtering -- 3. The least-mean-square (LMS) algorithm -- 4. LMS-based algorithms -- 5. Conventional RLS adaptive filter -- 6. Data-selective adaptive filtering -- 7. Adaptive lattice-based RLS algorithms -- 8. Fast transversal RLS algorithms -- 9. QR-decomposition-based RLS filters -- 10. Adaptive HR filters -- 11. Nonlinear adaptive filtering -- 12. Subband adaptive filters -- 13. Blind adaptive filters -- 14. Complex differentiation -- 15. Quantization effects in the LMS algorithm -- 16. Quantization effects in the RLS algorithm -- 17. Kalman filters -- 18. Analysis of set-membership affine projection algorithm. |
| 650 #7 - SUBJECT ADDED ENTRY--TOPICAL TERM | |
| Topical term or geographic name as entry element | Adaptive signal processing. |
| Source of heading or term | BUEsh |
| 9 (RLIN) | 28945 |
| 650 #7 - SUBJECT ADDED ENTRY--TOPICAL TERM | |
| Topical term or geographic name as entry element | Adaptive filters. |
| Source of heading or term | BUEsh |
| 9 (RLIN) | 12281 |
| 650 #7 - SUBJECT ADDED ENTRY--TOPICAL TERM | |
| Topical term or geographic name as entry element | Signal processing |
| General subdivision | Digital techniques. |
| Source of heading or term | BUEsh |
| 9 (RLIN) | 23318 |
| 653 ## - INDEX TERM--UNCONTROLLED | |
| Resource For college | Informatics and Computer Science |
| Arrived date list | May2016 |
| 942 ## - ADDED ENTRY ELEMENTS (KOHA) | |
| Source of classification or shelving scheme | Dewey Decimal Classification |
| Withdrawn status | Item status | Source of classification or shelving scheme | Damaged status | Not for loan | Vendor | Home library | Current library | Shelving location | Date acquired | Source of acquisition | Cost, normal purchase price | Total Checkouts | Full call number | Barcode | Date last seen | Cost, replacement price | Koha item type |
|---|---|---|---|---|---|---|---|---|---|---|---|---|---|---|---|---|---|
| Dewey Decimal Classification | Alahram | Central Library | Central Library | First floor | 30/05/2016 | Purchase | 777.00 | 621.3822 DIN | 000032605 | 15/07/2025 | 971.25 | Book - Borrowing |